15 największych miast w województwie Pomorskim - Statystyki

Ogólne statystyki
  • Ten quiz został rozwiązany 25 razy
  • Średni wynik to 11 z 15
Statystyki odpowiedzi
nr ludność miasto % Poprawnych
1 490,000 Gdańsk
100%
2 241,000 Gdynia
100%
13 32,000 Sopot
83%
10 36,500 Malbork
79%
3 86,000 Słupsk
79%
4 57,000 Tczew
79%
6 46,000 Wejherowo
75%
8 39,000 Chojnice
71%
7 45,500 Starogard Gdański
71%
5 54,000 Rumia
67%
11 34,000 Lębork
63%
14 29,000 Reda
63%
15 24,000 Kościerzyna
58%
9 37,000 Kwidzyn
58%
12 32,500 Pruszcz Gdański
58%
Nie znaleziono quizów pasujących do podanych kryteriów
Rozkład punktacji
Procent ludzi z każdym wynikiem
Percentyl według liczby udzielonych odpowiedzi
Twoja historia wyników
Nie rozwiązałeś tego quizu